000 00724nam a22002177a 4500
999 _c4593
_d4593
003 AR-CdUCM
008 190311b ||||| |||| 00| 0 spa d
040 _aMUNICIPALIDAD PROVINCIAL DEL CUSCO
_cBIBLIOTECA MUNICIPAL DEL CUSCO
082 _a940.2 /
_bN85
110 _aAgencia de Prensa Nóvosti
_914342
245 _aPueblos de la Unión Soviética /
260 _aMoscú :
_bEditorial de la Agencia de Prensa Novosti ,
_c1988.
300 _a151 páginas ;
_c19.1 cm.
440 _aAsi es la URSS
_914343
500 _aHistoria General de la ex Unión Soviética
650 _aURSS
_92690
650 _aUníon Soviética
_9496
650 _aPueblos de la Unión Soviética
_914344
942 _2ddc
_cLIBROS
945 _artm